| 000 | 00742nam a2200229 a 4500 | ||
|---|---|---|---|
| 001 | 12855 | ||
| 003 | BD-JhCC | ||
| 005 | 20230520175901.0 | ||
| 008 | 230520s20212016b |||| |||| 001 0 b d | ||
| 020 | _a98497848565353 | ||
| 035 | _a(BD-JhCC)12855 | ||
| 040 |
_aBD-JhCC _dBD-JhCC |
||
| 041 | _aBen | ||
| 082 |
_a363.2095492 _bSOF 2021 |
||
| 100 | _aসফিক উল্লাহ | ||
| 245 |
_aএক পুলিশের ডায়েরি / _cসফিক উল্লাহ |
||
| 260 |
_aঢাকা : _bবইচিত্র, _c২০২১ |
||
| 300 |
_a৩৫২ পৃ. : _c২১ সেমি. |
||
| 504 | _aনির্ঘন্ট অর্ন্তভূক্ত। | ||
| 650 |
_aPolice _zBangladesh |
||
| 942 |
_2ddc _cBK |
||
| 999 |
_c12855 _d12855 |
||